Jeux de mots - Noms de pays - 1 - Statistiques

Statistiques générales
  • Ce quiz a été pris 62 fois
    53 depuis la dernière actualisation
  • Le résultat moyen est 7 sur 20
Statistiques - réponses
HINT Continent ANSWER % Correct
Arpajon Asie Japon
91%
Goals Asie Laos
70%
Issues Europe Suisse
66%
Europe Amérique Pérou
64%
Badine Asie Inde
51%
Airbnb Asie Iran
49%
Oblivieux Amérique Bolivie
36%
Acrobatie Europe Croatie
34%
Maçons Asie Oman
34%
Goulot Afrique Togo
34%
Laeticia Europe Italie
32%
Volcaniques Europe Slovaquie
23%
Révélions Europe Slovénie
21%
Rustique Asie Turquie
21%
Mycène Asie Yémen
21%
Enfreignait Amérique Argentine
19%
Cardinale Europe Irlande
17%
Glaneuses Afrique Sénégal
17%
Baillante Europe Albanie
13%
Clochetons Afrique Lesotho
6%
Aucun quiz correspondant
Distribution des résultats
% des personnes avec chaque résultat
Percentile par nombre de réponses
Votre historique - résultats
Vous n’avez pas pris ce quiz depuis la dernière actualisation